1638 1220 1557 1585 1688 1327 1029 1463 1557 1079 1915 1901 1839 1591 1587 1911 1176 1126 1327 1213 1749 1259 1919 1653 1895 1159 1510 1115 1572 1313 1670 1384 1354 1580 1221 1697 1334 1748 1678 1728 1131 1380 1948 1991 1200 1679 1527 1718 1573 1563 1091 1764 1216 1677 1911 1465 1291 1684 1340 1758 1979 1412 1500 1387 1427 1867 1211 1944 1140 1321 1025 1093 1631 1556 1453 1512 1751 1938 1053 1323 1276 2000 1820 1915 1564 1011 1020 1907 1883 1623 1777 1768 1059 1778 1030 1593 1290 1794 1535 BCNSPRNW ULIB Ver.6.0+V

เปลี่ยนเป็นภาษาไทย

Change to English
 แสดงรายละเอียดบรรณานุกรม
  กลับหน้าหลัก

Brief Record : Get Marc (ISO 2709) : E-mail record : QR code < ปิดหน้าต่าง
LEADER : 00000nam 2200000uu 4500
001    13399122640
003     ULIB
008    130820s2013||||th 000 0 eng d
020    ^a9781609136949
060 04 ^aWY49^bS387m
100 1  ^aSchultz, Judith M.
245 10 ^aLippincott's manual of psychiatric nursing care plans /^cJudith M. Schultz, Sheila L. Videbeck
246 30 ^aManual of psychiatric nursing care plans
246 30 ^aPsychiatric nursing care plans
250    ^a9th ed.
260    ^aPhiladelphia :^bWolters Kluwer Health/Lippincott, Williams& Wilkins,^c2013
300    ^ax, 392 p. ;^c28 cm.
504    ^aIncludes bibliographical references and index
650  0 ^aPsychiatric nursing^vHandbooks, manuals, etc.
650  0 ^aNursing care plans^vHandbooks, manuals, etc.
650  2 ^aMental Disorders^xnursing^vHandbooks
650  2 ^aPatient Care Planning^vHandbooks
650  2 ^aPsychiatric Nursing^xmethods^vHandbooks
700 1  ^aVidebeck, Sheila L.
945    ^p780^l0^i033825
999    ^aเกษร โพธิ์สุวรรณ
รายการนี้ยังไม่มีแท็ก
คุณยังไม่ได้ล็อกอิน คุณสามารถมีกิจกรรมร่วมกับเว็บไซต์ได้ แต่ต้องล็อกอินก่อน ::
  ล็อกอิน

รายการสื่อสารสนเทศ

ลำดับที่ ประเภท เลขเรียก/บาร์โค้ด สถานที่ สถานะ
1. วิทยาศาสตร์การแพทย์ และสุขภาพ
วิทยาศาสตร์การแพทย์ และสุขภาพ
WY49 S387m  
  Barcode: 033825
ห้องสมุดวิทยาเขตสวรรค์ประชารักษ์
►หนังสือทั่วไป
บนชั้น

BibComment


ยังไม่เคยถูกคอมเมนท์

คอมเมนท์ทรัพยากรรายการนี้
  คอมเมนท์: Lippincotts manu..


 Copyright 2026. Bcnsprnw @Library